000 06278cam a22019814i 4500
003 PE-LiUPU
005 20250813165412.0
008 151117s2015 mx a rb 000 0 spa d
020 _a6071512905
020 _a9786071512901
035 _a(Sirsi) i9786071512901
040 _aECLAE
_bspa
_cECLAE
_dBNM
_dUVA
_dOCLCF
_dOCLCF
_dPE-LiUPU
_erda
049 _aPRUA
080 _a339
080 _a339.9
082 4 _a339.5
_bH54 2015
100 1 _aHill, Charles W. L.,
_eautor.
245 1 0 _aNegocios internacionales:
_bcómo competir en el mercado global /
_cCharles W. L. Hill ; traducción María del Pilar Obón León.
250 _a10 edición.
264 1 _aMéxico :
_bMcGraw-Hill,
_c2015.
300 _axxvi, 643 páginas :
_bilustraciones ;
_c27 centímetros.
336 _atext
_2rdacontent
337 _aunmediated
_2rdamedia
338 _avolume
_2rdacarrier
504 _aIncluye referencia bibliográfica.
505 0 _aGlobalización -- Diferencias nacionales en economía política -- Economía política y desarrollo económico -- Diferencias culturales -- Ética en los negocios internacionales -- Teoría del comercio internacional -- Política económica del comercio internacional -- Inversión extranjera directa -- Integración económica regional -- Mercado de divisas -- Sistema monetario internacional -- El mercado del capital global -- Estrategia de los negocios internacionales -- Organización de los negocios internacionales -- Estrategia de entrada y joint ventures -- Exportación, importación y comercio compensatorio -- Producción global, subcontratación y logística -- Marketing mundial e investigación y desarrollo -- Administración global de los recursos humanos -- Contabilidad y finanzas en los negocios internacionales.
526 _aP203
526 _aP200
526 _aSEG65
526 _aSEG64
526 _aSEG63
526 _aSEG62
526 _aSEG61
526 _aSEG60
526 _aSEG59
526 _aSEG58
526 _aSEG57
526 _aSEG56
526 _aSEG55
526 _aSEG54
526 _aSEG53
526 _aSEG52
526 _aSEG51
526 _aSEG50
526 _aSEG49
526 _aSEG48
526 _aSEG47
526 _aSEG46
526 _aSEG24
526 _aSEG23
526 _aSEG22
526 _aSEG21
526 _aSEG20
526 _aSEG19
526 _aSEG18
526 _aSEG17
526 _aSEG16
526 _aSEG14
526 _aSEG13
526 _aSEG12
526 _aSEG11
526 _aSEG10
526 _aSEG09
526 _aSEG06
526 _aSEG05
526 _aSEG04
526 _aSEG03
526 _aSEG02
526 _aSEG68
526 _aSEG66
526 _aSEG45
526 _aSEG25
526 _aSEG01
526 _aP163
526 _aP162
526 _aP161
526 _aP160
526 _aP159
526 _aP158
526 _aP157
526 _aP156
526 _aP155
526 _aP154
526 _aP153
526 _aP152
526 _aP151
526 _aP150
526 _aP149
526 _aP142
526 _aP141
526 _aP140
526 _aP139
526 _aP138
526 _aP137
526 _aP132
526 _aP131
526 _aP130
526 _aP126
526 _aP125
526 _aP124
526 _aP123
526 _aP115
526 _aP122
526 _aP121
526 _aP116
526 _a P114
526 _aP112
526 _aP111
526 _aP104
526 _aP103
526 _aP102
526 _aP101
526 _aP100
526 _aP96
526 _aP95
526 _aP93
526 _aP92
526 _aP91
526 _aP88
526 _aP83
526 _aP82
526 _aP79
526 _aP78
526 _aP75
526 _aP74
526 _aP71
526 _aP69
526 _a P51
526 _aP49
526 _aP48
526 _aP47
526 _aP33
526 _aP31
526 _a P30
526 _aP29
526 _aP27
526 _aP26
526 _aP25
526 _aP24
526 _a P22
526 _aP10
526 _aP09
526 _a P08
526 _aP06
526 _aP05
526 _aP04
526 _aP01
541 _g0014-0001979;
541 _g0020-0002810;
650 0 4 _aEconomía Internacional.
_94950
650 0 4 _aMercado de capítal.
650 0 4 _aInversiones extrangeras.
650 0 4 _aComercio internacional.
_94948
700 1 _aObón León, María del Pilar,
_etraductor.
910 _armch
_btqv
_cwelc
_d20170213
910 _armch
_btqv
_cwelc
_d20170726
942 _2ddc
_cBOOK
949 _a339.5 H54 2015
_wDEWEY
_c1
_iFJ06738
_lCCODEBUJ1
_mBUJ
_p46.00
_r0
_sY
_tBOOK
_u2017-02-13
_xFCE
_PP04
_0COMPRA
_o.STAFF. Colección General Juliaca
949 _a339.5 H54 2015
_wDEWEY
_c2
_iFJ06739
_lCCODEBUJ1
_mBUJ
_p46.00
_r0
_sY
_tBOOK
_u2017-02-13
_xFCE
_PP04
_0COMPRA
_o.STAFF. Colección General Juliaca
949 _a339.5 H54 2015
_wDEWEY
_c3
_iFJ08220
_lCCODEBUJ1
_mBUJ
_p46.80
_r0
_sY
_tBOOK
_u2017-07-26
_xFCE
_PP04
_0COMPRA
_o.STAFF. Colección General Juliaca
994 _aC0
_bPEPRU
596 _a1 3
999 _a339.5 H54 2015
_wDEWEY
_c15648
_iFJ06738
_d15648
_f2022-1-18
_g3
_lCCODEBUJ1
_mBUJ
_p46.00
_q3
_r0
_sY
_tBOOK
_u2017-2-13
_xFCE
_PP04
_0COMPRA
_o.STAFF. Colección General Juliaca
999 _a339.5 H54 2015
_wDEWEY
_c2
_iFJ06739
_d2019-9-4
_e2018-3-7
_f2022-1-18
_g4
_lCCODEBUJ1
_mBUJ
_n1
_p46.00
_q3
_r0
_sY
_tBOOK
_u2017-2-13
_xFCE
_PP04
_0COMPRA
_o.STAFF. Colección General Juliaca
999 _a339.5 H54 2015
_wDEWEY
_c3
_iFJ08220
_d2019-11-5
_e2018-6-5
_f2022-1-18
_g3
_lCCODEBUJ1
_mBUJ
_n1
_p46.80
_q3
_r0
_sY
_tBOOK
_u2017-7-26
_xFCE
_PP04
_0COMPRA
_o.STAFF. Colección General Juliaca
999 _a658.18 H54 2015
_wDEWEY
_c1
_i76129
_d2020-5-11
_e2020-3-11
_f2021-11-8
_g3
_lCCODEBUL1
_mBUL
_n3
_p46.49
_r0
_sY
_tBOOK
_u2017-6-8
_xFCE
_PP04
_0COMPRA
_o.STAFF. Colección Ciencias Empresariales
980 _81
_gALBERTO SANCHEZ Responsable de Automatización